Представление документа в формате MARC21

Поле Инд. ПП Название Значение
Тип записи a
Библиографический уровень m
001 Контрольный номер RU/IS/BASE/348335042
005 Дата корректировки 20220805121050.9
040 b Код языка каталог. rus
041 0_ a Код языка текста rus
080 a Индекс УДК 004.42
084 a Индекс другой классификации/Индекс ББК 32.973.26-018.2
090 a Полочн. индекс 681.3
c Каталожный индекс 681.32-192
x Авторский знак М64
097 b Оператор 11
100 1_ a Автор Миронов Г. А.
245 10 a Заглавие Испытательные программы для контроля электронных цифровых машин
c Ответственность под ред. Н. А. Криницкого
260 a Место издания М.
b Издательство Наука
c Дата издания 1964
300 a Объем 267 с.
510 a Примечание о ссылках Книги и методические пособия
650 a Основная рубрика 50.05 Теоретические основы программирования
x Основная подрубрика 50.05.13 Технология программирования. Автоматизация программирования
653 a Ключевые слова цифровые вычислительные машины; программы (выч. техника)
901 t Тип документа m